| 000 | 00422nam a22001457a 4500 | ||
|---|---|---|---|
| 003 | OSt | ||
| 008 | 240828b |||||||| |||| 00| 0 eng d | ||
| 020 | _a9788120839786 | ||
| 082 |
_a509.954 _bSHA |
||
| 100 | _aSAHAY, Shiv Swarup | ||
| 245 | _aPrachin Bharatiya Vigyan aur Proddhogiki: Ancient Indian Science and Technology | ||
| 260 |
_aDelhi: _bMotilal Banarsidass Publisher, _c2016. |
||
| 300 | _a306p. | ||
| 942 |
_2ddc _cBK |
||
| 999 |
_c12852 _d12852 |
||